• 首页
  • 本馆介绍
  • 公告通知
  • 最新文献
  • 馆藏检索
  • 电子资源
  • 读者导购
  • 参考咨询
  • 我的图书馆
  • 登录
  • 详细信息显示
  • 放入我的书架
  • 预约/预借图书
  • 作者相关作品
  • 分类相关作品
  • 丛书相关作品
  • 出版社相关作品

书目信息

  • 表格格式
  • 工作单格式
  • 卡片格式
题名:
领导力
    
 
作者: 弗格森 , 莫里茨 著 ;叶红婷 , 柴振宇 译
分册:  
出版信息: 北京   中国友谊出版公司  2016
页数: 306页
开本: 24cm
丛书名:
单 册:
中图分类: F272.91
科图分类:
主题词: 企业领导学--qi ye ling dao xue--通俗读物
电子资源:
ISBN: 978-7-5057-3754-9
000 01355nam0 22003011 450
001 0118172354
005 20170618172354.0
010    @a978-7-5057-3754-9@b精装@dCNY58.00
100    @a20161226d2016 em y0chiy50 ea
101 1  @achi@ceng
102    @aCN@b110000
105    @aa z 000yy
106    @ar
200 1  @a领导力@Aling dao li@e曼联功勋教练弗格森38年管理心得@dLeading@elearning from life and my years at Manchester United@f(英)亚历克斯·弗格森(Alex Ferguson),(英)迈克尔·莫里茨(Michael Moritz)著@g叶红婷,柴振宇译@zeng
210    @a北京@c中国友谊出版公司@d2016
215    @a306页@c照片@d24cm
300    @a黑天鹅图书 经管馆
330    @a本书共十三章,内容包括:成为你自己、承认你的渴望、化零为整、吸引别人、设定标准、识人有术、专注、传达信息、领导不是管理、底线、技术与信息等。
510 1  @aLeading@elearning from life and my years at Manchester United@zeng
517 1  @a曼联功勋教练弗格森38年管理心得@Aman lian gong xun jiao lian fu ge sen 38nian guan li xin de
606 0  @a企业领导学@Aqi ye ling dao xue@j通俗读物
690    @aF272.91@v5
701  0 @c(英)@a弗格森@Afu ge sen@c(Ferguson, Alex@f1941~)@4著
701  0 @c(美)@a莫里茨@Amo li ci@c(Moritz, Michael)@4著
702  0 @a叶红婷@Aye hong ting@4译
702  0 @a柴振宇@Achai zhen yu@4译
801  0 @aCN@bTANGWEI@c20170615
905    @b1009659-64@dF272.91@e1401@f6
    
    领导力:曼联功勋教练弗格森38年管理心得=Leading:learning from life and my years at Manchester United/(英)亚历克斯·弗格森(Alex Ferguson),(英)迈克尔·莫里茨(Michael Moritz)著/叶红婷,柴振宇译.-北京:中国友谊出版公司,2016
    306页:照片;24cm
    黑天鹅图书 经管馆
    
    ISBN 978-7-5057-3754-9(精装):CNY58.00
    本书共十三章,内容包括:成为你自己、承认你的渴望、化零为整、吸引别人、设定标准、识人有术、专注、传达信息、领导不是管理、底线、技术与信息等。
●
相关链接 在E读中查询图书 在五车中查询图书 在当当中查询图书 在豆瓣中查询图书


正题名:领导力     索取号:F272.91/1401         预约/预借

序号 登录号 条形码 馆藏地/架位号 状态 备注
1 1009659   210096590   第一样本阅览室/ [索取号:F272.91/1401] 在馆    
2 1009660   210096607   教育系资料室/ [索取号:F272.91/1401] 在馆    
3 1009661   210096616   教育系资料室/ [索取号:F272.91/1401] 在馆    
4 1009662   210096625   教育系资料室/ [索取号:F272.91/1401] 在馆    
5 1009663   210096634   第一借阅区/ [索取号:F272.91/1401] 在馆    
6 1009664   210096643   第一借阅区/ [索取号:F272.91/1401] 在馆    
唐山师范学院图书馆 欢迎您!
大连网信软件有限公司© 版权所有